000 01160nam a2200313 i 4500
003 DO-SdBNP
005 20260424140718.0
007 ta
008 260424b2025 dr ac||| |||| 00| 0 spa d
020 _a9789945516036
040 _aDO-SdBNP
_bspa
_cBNPHU
_erda
041 _aspa
082 4 _axxx
_bM763m
_222
100 1 _aMontalvo Batista, Miguel A
_d1950-
_eautor
_4aut.
_964168
245 1 0 _aMédicos dominicanos destacados en el siglo XX /
_cMiguel A. Montalvo Batista ; corrección, Piero Espinal Estévez ; prólogo, Herbert Stern
250 _aPrimera edición
264 4 _aSan José de las Matas, República Dominicana :
_bEditorial Opus,
_c©2025.
300 _a350 páginas :
_bilustraciones, retratos ;
_c23 cm.
336 _atexto
_btxt
_2rdacontent
337 _asin mediación
_bn
_2rdamedia
338 _avolumen
_bnc
_2rdacarrier
500 _aIncluye datos biográficos del autor en las solapas
504 _aBibliografía: páginas 341-343
590 _aInventariados, 2026 /LP
700 1 _aEspinal Estévez, Piero,
_ecorrector
_4corr.
_93550
700 1 _aStern, Herbert
_eprologuista
_4pr.
_989400
910 _aLP
942 _2ddc
_cLBS1
999 _c60614
_d60614